Language Quiz

Random Language or Letter Quiz

Starts with C, Ends with N Quiz Stats

 Plays Quiz Updated Jun 30, 2016

Score 0/40 Timer 08:00
3 Plays Today
% Correct
chameleon
96%
clown
95.7%
common
95.7%
Caribbean
95.6%
coupon
95.6%
cartoon
95.6%
cotton
95.4%
Catwoman
95.3%
curtain
95.2%
competition
95.1%
cinnamon
94.9%
crayon
94.9%
carbon
94.8%
coronation
94.7%
cauldron
94.7%
cabin
94.6%
coffin
94.5%
communication
94.4%
clean
94.4%
children
94.3%
% Correct
canyon
94%
constellation
93.9%
constitution
93.9%
chicken
93.8%
carcinogen
93.8%
champion
93.4%
coagulation
93.1%
companion
93%
column
93%
colon
92.4%
con
91.8%
centurion
91.7%
custodian
91.7%
convection
91.6%
clan
91%
condition
90.9%
condemn
90.1%
complain
88.7%
canteen
88.3%
caravan
87.3%

You're not logged in!

Compare scores with friends on all Sporcle quizzes.
OR
Log In

You Might Also Like...

Show Comments

Extras

Top Quizzes Today


Score Distribution

Your Account Isn't Verified!

In order to create a playlist on Sporcle, you need to verify the email address you used during registration. Go to your Sporcle Settings to finish the process.

Report this User

Report this user for behavior that violates our Community Guidelines.

Details: